| 000 | 01181nam2a2200277 4500 | ||
|---|---|---|---|
| 001 | RU\NLR\BIBL_A\022765646 | ||
| 005 | 20260426073012.0 | ||
| 010 |
_a978-5-298-04884-2 _91000 |
||
| 021 |
_aRU _bКН-П-25-082763 _9КН-П-25-8009 |
||
| 035 | _a(NLR Aleph) 022765646 | ||
| 090 |
_a13693455 _c13693455 |
||
| 100 | _a20260325d2025 m y0rusy50 ca | ||
| 101 | 0 | _atat | |
| 102 | _aRU | ||
| 105 | _ay z 000 y | ||
| 181 | 0 |
_ai _baxxe |
|
| 182 | 0 | _an | |
| 200 | 1 |
_aШигырьләр, поэма _f[мөх-рире И. Г. Ногманов] |
|
| 203 |
_aТекст _bвизуальный _cнепосредственный |
||
| 210 | _d2025 | ||
| 215 | _a71 б. | ||
| 327 | 1 | _aСодерж. авт.: Рәфкать Шаһиев, Гөлназ Хәйруллина, Илнар Фатихов, Рәмзия Җиһаншина, Нурулла Гаптуллин, Сиринә Якупова. | |
| 461 | 0 |
_1001RU\NLR\BIBL_A\022765482 _12001#$aГеройлар янәшәдә$e[җыентык]$v5 нче кит. _913693453 _cКазан _d2025 _nТатар. кит. нәшр. _o[җыентык] _tГеройлар янәшәдә _v5 нче кит. |
|
| 942 | _cBOOK | ||
| 980 | _aNB | ||